| 000 | 00398cam a2200181ua 4500 | ||
|---|---|---|---|
| 001 | 3655 | ||
| 008 | 160705n II |||gr||||Z||||||asm | ||
| 040 | _aMAIN | ||
| 041 | _aEnglish | ||
| 082 | _a512 SAI | ||
| 100 | _aSAIKIA, BHULA. | ||
| 245 | _aANUKALAN GANIT | ||
| 260 |
_a[s.l]: _bLONGMAN. |
||
| 300 |
_a147.: _c20CM. |
||
| 653 | _aAlgebra | ||
| 700 |
_aSAIKIA, BHULA., _eAuthor. |
||
| 942 | _cBK | ||
| 999 |
_c3643 _d3643 |
||